00537nam a22001937a 450000500170000001000130001702000250003003500130005503700160006804000120008408200190009610000190011524500510013426000390018527000440022430000300026865000190029865000260031720170124110233.0 aB-217161 c225.00a978817650223 aB-217161 bCen Lib/Ret aDPLbEN a792.80954bSIN aSinha, Aakriti aLet's know dances of India /cby Aakriti Sinha aNew DelhibStar Publicationsc2006 bNew Delhia4/5-B, Asaf Ali Roade110002 a39p. :c27m(Hb)bcol.ill. aDance -- India aFolk dancing -- India